Statistics for Say you wont let go lyrics ~ James Arthur

Click here to take the quiz!

General Stats

  • This quiz has been taken 632 times
  • The average score is 282 of 342

Answer Stats

cause% Correct
you
99%
i
98%
the
98%
a
97%
go
97%
let
97%
me
97%
say
96%
in
95%
we
95%
wont
95%
to
94%
up
94%
so
93%
was
93%
your
93%
when
92%
for
91%
were
91%
we're
91%
as
90%
dance
90%
dark
90%
love
90%
night
90%
and
89%
met
89%
just
88%
should
88%
with
88%
over
87%
feel
86%
know
86%
my
86%
shoulder
86%
that
86%
enough
85%
minute
85%
away
84%
held
84%
made
84%
much
84%
old
84%
then
84%
too
84%
drank
83%
sober
83%
some
83%
stay
83%
throwing
83%
wanna
83%
back
82%
get
82%
hair
82%
im
82%
danced
81%
grey
80%
look
80%
ill
77%
said
77%
told
77%
until
77%
it
76%
kids
76%
knew
76%
never
76%
now
76%
rest
76%
asked
75%
but
75%
ever
75%
loved
75%
needed
75%
on
75%
think
75%
though
75%
already
74%
chest
74%
school
74%
smiled
74%
stonecold
74%
them
74%
beautiful
73%
bed
73%
head
73%
kiss
73%
lit
73%
right
73%
take
73%
breakfast
72%
cause
72%
closer
72%
goodbye
72%
older
72%
than
72%
wake
72%
forget
71%
looked
71%
make
71%
wave
71%
cause
70%
hope
69%
ya
69%
lucky
68%
of
68%
pulled
68%
this
68%
oh
67%
better
66%
thank
66%
stars
65%
way
65%
bring
64%
coffee
64%
scared
64%
letting
63%
somehow
63%
swear
63%
is
61%
showed
61%
there
60%
most
59%
played
59%
cool
58%
even
58%
till
58%
youd
58%
live
57%
give
56%
gold
56%
its
56%
out
55%
always
54%
more
54%
ghosts
53%
like
53%
darling
52%
how
52%
worth
52%
gonna
51%
lungs
48%
weight
47%
come
46%
dear
46%
far
46%
song
46%
everybody
45%
promise
45%
weve
45%
wrote
45%
knows
44%
our
43%
grown
42%
death
39%
part
38%
vows
37%
everyday'll
13%
finally
4%

Score Distribution

Percentile by Number Answered

Percent of People with Each Score

Your Score History

You have not taken this quiz